Top 100 des joueurs ayant le plus joué en NBA - Statistiques

Statistiques générales
  • Ce quiz a été pris 291 fois
    166 depuis la dernière actualisation
  • Le résultat moyen est 41 sur 100
Statistiques - réponses
Minutes jouées Joueurs Équipes % Correct
54093 LeBron James Cleveland Cavaliers, Miami Heat, Los Angeles Lakers
98%
57446 Kareem Abdul-Jabbar Milwaukee Bucks, Los Angeles Lakers
96%
47367 Tim Duncan San Antonio Spurs
88%
51367 Dirk Nowitzki Dallas Mavericks
86%
48643 Kobe Bryant Los Angeles Lakers
86%
54852 Karl Malone Utah Jazz, Los Angeles Lakers
85%
45071 Moses Malone Utah Stars, St. Louis Spirits, Buffalo Braves, Houston Rockets, Philadelphia 76ers, Washington Bullets, Atlanta Hawks, Milwaukee Bucks, San Antonio Spurs
85%
47859 Wilt Chamberlain Philadelphia Warriors, San Francisco Warriors, Philadelphia 76ers, Los Angeles Lakers
84%
50412 Kevin Garnett Minnesota Timberwolves, Boston Celtics, Brooklyn Nets
83%
41010 Michael Jordan Chicago Bulls, Washington Wizards
80%
47766 John Stockton Utah Jazz
78%
50116 Jason Kidd Dallas Mavericks, Phoenix Suns, New Jersey Nets, New York Knicks
77%
36571 Jerry West Los Angeles Lakers
77%
40268 Andre Miller Cleveland Cavaliers, Los Angeles Clippers, Denver Nuggets, Philadelphie 76ers, Portland Trail Blazers, Washington Wizards, Sacramento Kings, Minnesota Timberwolves, San Antonio Spurs
76%
47620 Reggie Miller Indiana Pacers
76%
41917 Shaquille O'Neal Orlando Magic, Los Angeles Lakers, Miami Heat, Phoenix Suns, Cleveland Cavaliers, Boston Celtics
76%
41785 Chris Paul New Orleans Hornets, Los Angeles Clippers, Houston Rockets,Oklahoma City Thunder, Phoenix Suns
73%
36181 Kevin Durant Seattle SuperSonics, Oklahoma City Thunder, Golden State Warriors, Brooklyn Nets, Phoenix Suns
73%
34443 Larry Bird Boston Celtics
73%
46370 Vince Carter Toronto Raptors, New Jersey Nets, Orlando Magic, Phoenix Suns, Dallas Mavericks, Memphis Grizzlies, Sacramento Kings, Atlanta Hawks
73%
43513 Carmelo Anthony Denver Nuggets, New York Knicks, Oklahoma City Thunder, Houston Rockets, Portland Trail Blazers, Los Angeles Lakers
72%
40726 Bill Russell Boston Celtics
70%
44218 Hakeem Olajuwon Houston Rockets, Toronto Raptors
70%
38279 Tony Parker San Antonio Spurs, Charlotte Hornets
70%
46350 Ray Allen Milwaukee Bucks, Seattle SuperSonics, Boston Celtics, Miami Heat
68%
45879 Paul Pierce Boston Celtics, Brooklyn Nets, Washington Wizards, Los Angeles Clippers
67%
37552 Russell Westbrook Oklahoma City Thunder, Houston Rockets, Washington Wizards, Los Angeles Lakers, Los Angeles Clippers
67%
41068 Scottie Pippen Chicago Bulls, Houston Rockets, Portland Trail Blazers
66%
38073 Steve Nash Phoenix Suns, Dallas Mavericks, Los Angeles Lakers
63%
35954 Dennis Johnson Seattle SuperSonics, Phoenix Suns, Boston Celtics
62%
44235 Joe Johnson Boston Celtics, Phoenix Suns, Atlanta Hawks, Brooklyn Nets, Miami Heat, Utah Jazz, Houston Rockets
62%
42560 Clifford Robinson Portland Trail Blazers, Phoenix Suns, Detroit Pistons, Golden State Warriors, New Jersey Nets
61%
34273 David Robinson San Antonio Spurs
61%
35777 Dwyane Wade Miami Heat, Chicago Bulls, Cleveland Cavaliers
61%
47117 Gary Payton Seattle SuperSonics, Milwaukee Bucks, Los Angles Lakers, Boston Celtics, Miami Heat
61%
43886 Oscar Robertson Cincinnati Royals, Milwaukee Bucks
60%
35516 Isiah Thomas Detroit Pistons
59%
34752 James Harden Oklahoma City Thunder, Houston Rockets, Brooklyn Nets, Philadelphia 76ers
58%
40594 Patrick Ewing New York Knicks, Seattle Supersonics, Orlando Magic
58%
41001 Pau Gasol Memphis Grizzlies, Los Angeles Lakers, Chicago Bulls, San Antonio Spurs, Milwaukee Bucks
57%
39331 Charles Barkley Philadelphia 76ers, Phoenix Suns, Houston Rockets
55%
46471 John Havlicek Boston Celtics
52%
45704 Robert Parish Golden State Warriors, Boston Celtics, Charlotte Hornets, Chicago Bulls
52%
39458 Dwight Howard Orlando Magic, Los Angeles Lakers, Houston Rockets, Atlanta Hawks, Charlotte Hornets, Washington Wizards, Philadelphia 76ers
50%
36648 Juwan Howard Washington Bullets / Wizards, Dallas Mavericks, Denver Nuggets, Orlando Magic, Houston Rockets, Charlotte Bobcats, Portland Trail Blazers, Miami Heat
50%
37582 Allen Iverson Philadelphia 76ers, Denver Nuggets, Detroit Pistons, Memphis Grizzlies
47%
37538 Clyde Drexler Portland Trail Blazers, Houston Rockets
47%
50000 Elvin Hayes San Diego Rockets, Houston Rockets, Baltimore Bullets, Capital Bullets, Washington Bullets
46%
38115 Dominique Wilkins Atlanta Hawks, Los Angeles Clippers, Boston Celtics, San Antonio Spurs, Orlando Magic
40%
33863 Elgin Baylor Minneapolis Lakers, Los Angeles Lakers
39%
36243 LaMarcus Aldridge Portland Trail Blazers, San Antonio Spurs, Brooklyn Nets
39%
35832 Wes Unseld Baltimore / Capital / Washington Bullets
36%
34331 Kyle Lowry Memphis Grizzlies, Houston Rockets, Toronto Raptors, Miami Heat
35%
36554 A.C. Green Los Angeles Lakers, Phoenix Suns, Dallas Mavericks, Miami Heat
33%
39507 Andre Iguodala Philadelphia 76ers, Denver Nuggets, Golden State Warriors, Miami Heat
33%
35471 DeMar DeRozan Toronto Raptors, San Antonio Spurs, Chicago Bulls
32%
36249 Rasheed Wallace Washington Bullets, Portland Trail Blazers, Atlanta Hawks, Detroit Pistons, Boston Celtics, New York Knicks
31%
35141 Joe Dumars Detroit Pistons
29%
42470 Buck Williams New Jersey Nets, Portland Trail Blazers, New York Knicks
27%
36795 Dikembe Mutombo Denver Nuggets, Atlanta Hawks, Philadelphia 76ers, New Jersey Nets, New York Knicks, Houston Rockets
27%
38063 Alex English Milwaukee Bucks, Indiana Pacers, Denver Nuggets, Dallas Mavericks
21%
34620 Zach Randolph Portland Trail Blazers, New York Knicks, Los Angeles Clippers, Memphis Grizzlies, Sacramento Kings
21%
33956 Bill Laimbeer Cleveland Cavaliers, Detroit Pistons
20%
34778 Grant Hill Detroit Pistons, Orlando Magic, Phoenix Suns, Los Angeles Clipper
18%
42034 Jason Terry Atlanta Hawks, Dallas Mavericks, Boston Celtics, Brooklyn Nets, Sacramento Kings, Houston Rockets, Milwaukee Bucks
17%
35881 Nate Thurmond San Francisco Warriors, Chicago Bulls, Cleveland Cavaliers
17%
38625 Horace Grant Chicago Bulls, Orlando Magic, Seattle SuperSonics, Los Angeles Lakers
16%
40097 Shawn Marion Phoenix Suns, Miami Heat, Toronto Raptors, Dallas Mavericks, Cleveland Cavaliers
16%
34151 Adrian Dantley Buffalo Braves, Indiana Pacers, Los Angeles Lakers, Utah Jazz, Detroit Pistons, Dallas Mavericks, Milwaukee Bucks
14%
39117 Mark Jackson New York Knicks, Los Angeles Clippers, Indiana Pacers, Denver Nuggets, Toronto Raptors, Utah Jazz, Houston Rockets
14%
34301 Mitch Richmond Golden State Warriors, Sacramento Kings, Washington Wizards, Los Angeles Lakers
13%
34561 Rudy Gay Memphis Grizzlies, Toronto Raptors, Sacramento Kings, San Antonio Spurs, Utah Jazz
13%
39788 Hal Greer Syracuse Nationals, Philadelphia 76ers
12%
38994 Jamal Crawford Chicago Bulls, New York Knicks, Golden State Warriors, Atlanta Hawks, Portland Trail Blazers, Los Angeles Clippers, Minnesota Timberwolves, Phoenix Suns, Brooklyn Nets
12%
40278 Charles Oakley Chicago Bulls, New York Knicks, Toronto Raptors, Washington Wizards, Houston Rockets
11%
37776 Derek Harper Dallas Mavericks, New York Knicks, Orlando Magic, Los Angeles Lakers
11%
38360 Kevin Willis Atlanta Hawks, Miami Heat, Golden State Warriors, Houston Rockets, Toronto Raptors, Denver Nuggets, San Antonio Spurs, Dallas Mavericks
11%
38064 Lenny Wilkens St Louis Hawks, Seattle SuperSonics, Cleveland Cavaliers, Portland Trail Blazers
11%
33838 Vlade Divac Los Angeles Lakers, Charlotte Hornets, Sacramento Kings
11%
34982 Glen Rice Miami Heat, Charlotte Hornets, Los Angeles Lakers, New York Knicks, Houston Rockets, Los Angeles Clippers
10%
35355 Terry Porter Portland Trail Blazers, Minnesota Timberwolves, Miami Heat, San Antonio Spurs
10%
34845 Maurice Cheeks Philadelphia 76ers, San Antonio Spurs, New York Knicks, Atlanta Hawks, New Jersey Nets
9%
33826 P.J. Brown New Jersey Nets, Miami Heat, Charlotte Hornets/New Orleans Hornets, Chicago Bulls, Boston Celtics
9%
38940 Walt Bellamy Chicago Packers, Chicago Zephyrs, Baltimore Bullets, New York Knicks, Detroit Pistons, Atlanta Hawks, New Orleans Jazz
9%
33961 Jeff Hornacek Phoenix Suns, Philadelphia 76ers, Utah Jazz
8%
33959 Mike Bibby Vancouver Grizzlies, Sacramento Kings, Atlanta Hawks, Washington Wizards, Miami Heat, New York Kni
8%
34299 Richard Jefferson New Jersey Nets, Milwaukee Bucks, San Antonio Spurs, Golden State Warriors, Utah Jazz, Dallas Mavericks, Cleveland Cavaliers, Denver Nuggets
8%
33921 Tom Chambers San Diego Clippers, Seattle SuperSonics, Phoenix Suns, Utah Jazz, Charlotte Hornets, Philadelphia 76ers
7%
34780 Dale Ellis Dallas Mavericks, Seattle Supersonics, Milwaukee Bucks, San Antonio Spurs, Denver Nuggets, Charlotte Hornets
6%
34906 Elton Brand Chicago Bulls, Los Angeles Clippers, Philadelphia 76ers, Dallas Mavericks, Atlanta Hawks
6%
35268 Latrell Sprewell Golden State Warriors, New York Knicks, Minnesota Timberwolves
6%
36598 Sam Perkins Dallas Mavericks, Los Angeles Lakers, Seattle SuperSonics, Indiana Pacers
6%
37638 Antawn Jamison Golden State Warriors, Dallas Mavericks, Washington Wizards, Cleveland Cavaliers, Los Angeles Lakers, Los Angeles Clippers
5%
36943 Jack Sikma Seattle SuperSonics, Milwaukee Bucks
5%
37995 Michael Finley Phoenix Suns, Dallas Mavericks, San Antonio Spurs, Boston Celtics
5%
39824 Otis Thorpe Kansas City/Sacramento Kings, Houston Rockets, Portland Trail Blazers, Detroit Pistons, Vancouver Grizzlies, Washington Wizards, Miami Heat, Charlotte Hornets
5%
34603 Reggie Theus Chicago Bulls, Kansas City Kings, Sacramento Kings, Atlanta Hawks, Orlando Magic, New Jersey Nets
5%
33895 Terry Cummings San Diego Clippers, Milwaukee Bucks, San Antonio Spurs, Seattle SuperSonics, Philadelphia 76ers, New York Knicks, Golden State Warriors
5%
34989 Paul Silas St. Louis / Atlanta Hawks, Phoenix Suns, Boston Celtics, Denver Nuggets, Seattle SuperSonics
3%
33635 Rod Strickland New York Knicks, San Antonio Spurs, Portland Trail Blazers, Washington Bullets/Wizards, Miami Heat, Minnesota Timberwolves, Orlando Magic, Toronto Raptors, Houston Rockets
3%
Aucun quiz correspondant
Distribution des résultats
% des personnes avec chaque résultat
Percentile par nombre de réponses
Votre historique - résultats
Vous n’avez pas pris ce quiz depuis la dernière actualisation